000 00787nam a2200277Ia 4500
003 OSt
005 20220928131111.0
006 a|||||r|||| 00| 0
007 ta
008 220927b |||||||| |||| 00| 0 eng d
020 _c2995
024 _a124888
037 _b022, 19/11/2014, Apple Books
_cTextual
040 _aSDCL
_cSDCL
_beng
041 _2eng
_aeng
082 _aG11, Q5
100 _aPlopper George Ed.
_9477117
245 0 _aLewin's cells
250 _a3rd.
260 _aBurlington
_bJones & Barlett learning
_c2014
300 _axxiii;1056p
_ccm.
650 _aPlant Molecular Biology
700 _a Sharp David Ed.
942 _hG11, Q5
_cTEXL
_2CC
999 _c789589
_d789589